Ты шутишь, наверное?: роман; [пер. с англ.]; Ты шутишь, наверное?; Что скрывается за фиговым листком

Bibliographic Details
Main Author: Чейз Дж. Х. Джеймс Хэдли
Summary:Директор страховой компании Кен Брэндон оказался свидетелем жестокого преступления и вскоре стал жертвой шантажа. Шантажиста зверски убивают... («Ты шутишь, наверное?») Детектив Дирк Уоллес расследует исчезновение внука владельца преуспевающей фермы. Тем временем хозяина фермы убивают, и подозрение падает на наследников («Что скрывается за фиговым листком»). Героям Дж. Х. Чейза, короля мирового детектива, приходится порой совершать невозможное, чтобы выпутаться из сложной ситуации.
Language:Russian
Published: Москва, Центрполиграф, 2004
TOC:Ты шутишь, наверное?;
Что скрывается за фиговым листком;
Series:Полное собрание сочинений
Классика детектива
Subjects:
Format: MixedMaterials Book
KOHA link:https://koha.lib.tpu.ru/cgi-bin/koha/opac-detail.pl?biblionumber=81962

MARC

LEADER 00000nam0a2200000 4500
001 81962
005 20231031095429.0
010 |a 5952400213  |b (в пер.)  |b 8000 экз. 
021 |a RU  |b 05-7849  |9 05-407 
035 |a (RuTPU)RU\TPU\book\88091 
090 |a 81962 
100 |a 20050926d2004 m y0rusy5002 ca 
101 1 |a rus  |c eng 
102 |a RU 
105 |a y z 000ay 
200 1 |a Ты шутишь, наверное?  |e роман  |e [пер. с англ.]  |f Джеймс Хэдли Чейз 
210 |a Москва  |c Центрполиграф  |d 2004 
215 |a 396, [2] с.  |d 21 см. 
225 1 |a Полное собрание сочинений  |h вып. 30 
225 1 |a Классика детектива 
330 |a Директор страховой компании Кен Брэндон оказался свидетелем жестокого преступления и вскоре стал жертвой шантажа. Шантажиста зверски убивают... («Ты шутишь, наверное?») Детектив Дирк Уоллес расследует исчезновение внука владельца преуспевающей фермы. Тем временем хозяина фермы убивают, и подозрение падает на наследников («Что скрывается за фиговым листком»). Героям Дж. Х. Чейза, короля мирового детектива, приходится порой совершать невозможное, чтобы выпутаться из сложной ситуации. 
464 |t Ты шутишь, наверное? 
464 |t Что скрывается за фиговым листком 
610 1 |a английская литература 
610 1 |a романы 
610 1 |a детективы 
675 |a 82  |v 3  |z rus 
700 1 |a Чейз  |b Дж. Х.  |g Джеймс Хэдли  |4 070 
801 0 |a RU  |b RKP  |c 20050314  |g PSBO 
801 1 |a RU  |b 63413507  |c 20050926  |g PSBO 
801 2 |a RU  |b 63413507  |c 20051105  |g PSBO 
942 |c BK